Statistiken für Tjark - schon okay (lyrics)

Klicken Sie hier um das Quiz zu spielen!

Allgemein

  • Dieses Quiz wurde 6 mal gespielt
  • Das Durchschnittsergebnis liegt bei 214 aus 334

Antwortstatistiken

Antwort% Korrekt
die
100%
Du
100%
du
100%
hab
100%
Ich
100%
ich
100%
ich's
100%
ist
100%
mich,
100%
mich
100%
mir
100%
'nen
100%
okay
100%
schon
100%
das
80%
Das
80%
dich
80%
dir
80%
dir,
80%
es,
80%
es
80%
Es
80%
Für
80%
hast,
80%
hin,
80%
hin
80%
in
80%
kann's
80%
kein
80%
komm
80%
lieb
80%
nicht
80%
Nur
80%
nur
80%
so
80%
Und
80%
und
80%
uns
80%
wie's
80%
Alles
60%
alles
60%
bin
60%
dacht,
60%
dann
60%
dass
60%
den
60%
Doch
60%
drüber
60%
Fehler
60%
ganze
60%
gegen
60%
geh
60%
glaub,
60%
glücklich,
60%
Halt
60%
hält
60%
hier
60%
hinweg,
60%
krieg
60%
langsam
60%
lässt
60%
mal
60%
mehr
60%
nie
60%
Problem
60%
Sag,
60%
Sag's
60%
sei
60%
tut
60%
um
60%
Um
60%
verlier
60%
verliert
60%
versteh'n
60%
Versteh's
60%
von
60%
war
60%
war'n
60%
wär'n
60%
was
60%
Was
60%
weh,
60%
weh
60%
wer
60%
wir
60%
Zeit
60%
zu
60%
zwischen
60%
abgestumpft
40%
andersrum
40%
Angst
40%
beide
40%
besonders
40%
bisschen
40%
bitte
40%
Bitte
40%
brauch
40%
Chaos
40%
damit
40%
Ende
40%
erzählst
40%
falsch,
40%
fest?
40%
Freunden,
40%
gar
40%
gefällt
40%
geht
40%
geliebt
40%
große
40%
hab'n
40%
ja
40%
Ja,
40%
lauf
40%
meinen
40%
ohne
40%
sagst
40%
seh'n
40%
Story
40%
Verdrehst
40%
viel
40%
werd
40%
wirklich
40%
am
20%
bewegt
20%
blamiert
20%
blind
20%
dabei,
20%
einmal
20%
gekannt
20%
gesagt
20%
Gesicht
20%
grade
20%
halbes
20%
hass,
20%
Hätt
20%
Hättest
20%
hinterher
20%
ins
20%
interessiert
20%
Jahr
20%
kapiert
20%
kontrollier'n,
20%
längst
20%
Lief
20%
lügst
20%
Nachdem
20%
nachdem
20%
selber
20%
selbst
20%
steuer
20%
stumm
20%
tolerant
20%
verdient
20%
verirr'n
20%
verschwendet
20%
verstehst,
20%

Verteilung der Resultate

Perzentil nach korrekt beantworteten Fragen

Anzahl Personen mit jedem Resultat

Ihre Resultats-Entwicklung

Sie haben dieses Quiz noch nicht gespielt